Soja : cuaderno de actualización técnica nº 58 /
Guardado en:
| Autor Principal: | |
|---|---|
| Formato: | Libro |
| Publicado: |
Buenos Aires :
Aacrea,
1997
|
| Materias: | |
| Etiquetas: |
Agregar Etiqueta
Sin Etiquetas, Sea el primero en etiquetar este registro!
|
| LEADER | 01431nam a22002055a 4500 | ||
|---|---|---|---|
| 001 | CEM.cems016715 | ||
| 005 | 20111114114740.0 | ||
| 008 | 130507s1997##################000#0#####d | ||
| 003 | CEMS | ||
| 082 | 0 | 4 | |a 633.34 |
| 100 | 1 | |a Satorre, Emilio H. | |
| 245 | 1 | 0 | |a Soja : |b cuaderno de actualización técnica nº 58 / |c Coordinado Por Emilio H. Satorre, |
| 260 | |a Buenos Aires : |b Aacrea, |c 1997 | ||
| 300 | |a 133 p. | ||
| 505 | 0 | |a Desarrollo, crecimiento y generación del rendimiento en el cultivo de soja / Elba de la Fuente y otros -- Criterios para la elección de variedades en soja / Rodolfo Rossi -- Inoculación, fertilización y corrección de acidez del suelo en soja / Sebastián Gambaudo y Hugo Fontanetto -- La respuesta a la densidad y al distanciamiento entre hileras en el cultivo / Héctor E. J. Baigorri -- Manejo y control de malezas / Javier I. Vitta -- Manejo integrado y control de plagas / Jorge Aragón - Enfermedades de la soja / Antonio Ivancovich -- Cosecha de soja / Mario Bragachini y otros -- Aspectos salientes de la producción de soja en siembra directa / Juan Gabriel Tellería - Modelos zonales de producción en el Movimiento CREA -- Alternativas de comercialización/ Arturo Santamarina -- Oferta y demanda de soja / Arturo Santamarina | |
| 653 | |a Soja | ||
| 653 | |a Soja-malezas | ||
| 653 | |a Soja-enfermidades | ||
| 653 | |a Soja-cosecha | ||
| 859 | |a CEMS |b BIB. CEMS - Agricultura |h 633.34 |i Sa834 |p A0076.00 |t Ej.1 | ||
